Music Quiz

Random Music Quiz

RWBY I May Fall Lyrics Quiz Stats

 Plays Quiz not verified by Sporcle

Score 0/298 Timer 10:00
0 Plays Today
Answer % Correct
a
96.6%
a
96.6%
the
96.6%
And
96.6%
a
96.6%
a
96.6%
And
96.6%
and
96.6%
the
96.6%
And
96.6%
the
96.6%
And
96.6%
the
96.6%
a
96.6%
the
96.6%
and
96.6%
the
96.6%
the
96.6%
a
96.6%
And
96.6%
the
96.6%
and
96.6%
And
96.6%
the
96.6%
And
96.6%
a
96.6%
a
96.6%
And
96.6%
the
96.6%
a
96.6%
a
96.6%
and
96.6%
the
96.6%
The
96.6%
And
96.6%
And
96.6%
And
96.6%
the
96.6%
be
94.2%
be
94.2%
be
94.2%
may
92.3%
fall.
92.3%
may
92.3%
fall.
92.3%
may
92.3%
fall.
92.3%
may
92.3%
fall.
92.3%
fall
92.3%
may
92.3%
fall.
92.3%
may
92.3%
fall.
92.3%
may
92.3%
fall.
92.3%
may
92.3%
fall.
92.3%
may
92.3%
fall.
92.3%
may
92.3%
fall.
92.3%
may,
92.3%
may
92.3%
fall.
92.3%
when
91.3%
When
91.3%
when
91.3%
When
91.3%
When
91.3%
When
91.3%
when
91.3%
When
91.3%
day
90.4%
will
90.4%
will
90.4%
day
90.4%
will
90.4%
will
90.4%
will
90.4%
will
90.4%
There's
89.9%
won't
89.9%
There's
89.9%
won't
89.9%
won't
89.9%
There's
89.9%
There's
89.9%
There's
89.9%
There's
89.9%
won't
89.9%
won't
89.9%
our
89.4%
our
89.4%
our
89.4%
not
89.4%
your
89.4%
Not
89.4%
not
89.4%
not
89.4%
Answer % Correct
our
89.4%
our
89.4%
our
89.4%
our
89.4%
our
89.4%
our
89.4%
our
89.4%
Not
89.4%
our
89.4%
not
89.4%
your
89.4%
Not
89.4%
not
89.4%
not
89.4%
no
88.5%
But
88%
But
88%
this
87.5%
this
87.5%
this,
87.5%
this
87.5%
by
86.5%
by
86.5%
it
86.1%
it
86.1%
it
86.1%
it
86.1%
like
85.6%
like
85.6%
out
85.1%
out
85.1%
hearts
83.7%
hearts.
83.7%
to
83.2%
to
83.2%
to
83.2%
to
83.2%
broken.
82.2%
I
81.3%
I
81.3%
I
81.3%
I
81.3%
I
81.3%
I
81.3%
I
81.3%
I
81.3%
I
81.3%
I
81.3%
I
81.3%
I
81.3%
friends
80.3%
friends.
80.3%
friends.
80.3%
all
79.3%
all
79.3%
all
79.3%
all
79.3%
we
79.3%
we
79.3%
we
79.3%
we
79.3%
we
79.3%
we
79.3%
we
79.3%
all,
79.3%
light.
78.4%
shadow
77.4%
courage
77.4%
courage
77.4%
courage
77.4%
cast
76%
rise.
76%
rise.
76%
place
75.5%
place
75.5%
place
75.5%
place,
75.5%
where
75%
Where
75%
where
75%
arrive.
74.5%
us
74.5%
us.
74.5%
Help
74%
hands
73.1%
today.
73.1%
hands.
73.1%
today
73.1%
leave
72.1%
of
72.1%
of
72.1%
do
72.1%
down.
71.2%
down
71.2%
down.
71.2%
behind.
70.7%
tears.
70.2%
collapses.
70.2%
end
70.2%
end.
70.2%
Answer % Correct
million
69.7%
sun
69.2%
cry
68.8%
fear.
68.8%
moment
68.8%
moment
68.8%
moment
68.8%
hope.
68.3%
In
67.8%
in
67.8%
eyes
67.3%
darkness
66.8%
stand
66.8%
stand.
66.8%
stand
66.8%
is
65.9%
is
65.9%
turn
65.4%
shattered.
65.4%
blood.
64.9%
dream
64.9%
near.
64.4%
me
64.4%
final
64.4%
final
64.4%
me
64.4%
Creatures
63.9%
take
63.9%
on
63.9%
take
63.9%
we'll
63.5%
every
63.5%
dies.
63.5%
we'll
63.5%
that
63.5%
that
63.5%
that
63.5%
we'll
63.5%
soulless
63%
lay
63%
draws
62.5%
time
62.5%
we've
62%
rain
62%
Bring
62%
we've
62%
Bring
62%
it's
61.5%
it's
61.5%
triumph
61.1%
enough
60.6%
enough
60.6%
lost
60.1%
succumb
60.1%
wolves
60.1%
one
60.1%
One
60.1%
shields
59.6%
with
59.1%
moon
58.7%
skies
58.2%
outnumbered.
58.2%
gone.
58.2%
can.
58.2%
lose
56.7%
life
56.7%
else
56.7%
retreat.
55.3%
left
54.8%
something
54.8%
moments
54.3%
apart.
54.3%
found.
53.4%
run
52.9%
changes
52.9%
ground.
52.9%
cower
52.4%
death.
52.4%
faith.
51.9%
reach
51.9%
forsake
51.4%
make
51.4%
demons,
51.4%
decision.
51%
that's
50.5%
Strength
50%
face
50%
stare
49.5%
sweet.
49.5%
crash
49%
taste
49%
path
48.1%
lead
48.1%
fear's
47.6%
taken
47.6%
have
45.7%
As
33.7%
those
31.7%

You're not logged in!

Compare scores with friends on all Sporcle quizzes.
OR
Log In

Sporcle TV

Today on Sporcle TV


Watch our educational content, quiz creation guides, and fun videos on Sporcle TV.

Show Comments

Extras

Created Jul 16, 2016ReportNominate
Tags:fall, May

Top Quizzes Today


Score Distribution

Your Account Isn't Verified!

In order to create a playlist on Sporcle, you need to verify the email address you used during registration. Go to your Sporcle Settings to finish the process.

Report this User

Report this user for behavior that violates our Community Guidelines.

Details: